| 000 | 01409cam a22003617a 4500 | ||
|---|---|---|---|
| 003 | CHAP | ||
| 005 | 20220329142340.0 | ||
| 008 | 000904d1999 us r 00110 spa d | ||
| 010 | _a82153 | ||
| 011 | _a83125 | ||
| 035 | _a93635 | ||
| 040 | _cCHAP | ||
| 090 | _aFolleto 15777 | ||
| 110 | 2 |
_aE.U.A. Department of Health and Human Services Center for Food Safety and Applied Nutrition _934905 |
|
| 245 | 1 | 0 |
_aGuía para reducir al mínimo el riesgo microbiano en los alimentos, en el caso de frutas y vegetales frescos _c/por U.S. Department of Heath and Human Services |
| 260 |
_aWashingto, D.C. : _bCenter for Food Safety and Applied Nutrition, _c1999. |
||
| 300 | _a48 p. | ||
| 490 | 0 | _aDirecciones para la industria | |
| 590 |
_aBATCH-UPD _b10 _c20130110 _lUCH01 _h0819 |
||
| 590 |
_aBATCH-UPD _b10 _c20130410 _lUCH01 _h0456 |
||
| 590 |
_aBATCH-UPD _b10 _c20130914 _lUCH01 _h0158 |
||
| 590 |
_aCONVERSION _b10 _c20130109 _lUCH01 _h1346 |
||
| 650 | 1 | 4 |
_aAlimentos _xBacteriología. _94171 |
| 650 | 1 | 4 |
_aAlimentos _xConservación por frío. _94180 |
| 650 | 1 | 4 |
_aFrutas y legumbres. _943679 |
| 830 | 0 | 0 |
_aDirecciones para la industria _932683 |
| 901 | _aBK | ||
| 905 | _aMayto Villalobos S. | ||
| 942 | _cFOLL | ||
| 949 |
_aFolleto 15777 _bBC _cFOLL _d936351 _eTS1 _i93635 _sb |
||
| 949 |
_aFolleto 15777 _bBC _cFOLL _d936352 _eTS2 _fc.2 _i93635 _sb |
||
| 949 |
_aFolleto 15777 _bBC _cFOLL _d936353 _eTS2 _fc.3 _i93635 _sb |
||
| 999 |
_c82153 _d82153 |
||